[Event "Chess24 Banter QualA 2020"]
[Site "chess24.com INT"]
[Date "2020.09.05"]
[Round "3.2"]
[White "Nihal, Sarin"]
[Black "Shankland, Sam"]
[Result "0-1"]
[WhiteTitle "GM"]
[BlackTitle "GM"]
[WhiteElo "2620"]
[BlackElo "2691"]
[WhiteFideId "25092340"]
[BlackFideId "2004887"]
[EventDate "2020.09.01"]

1. d4 Nf6 2. Bf4 g6 3. Nc3 d5 4. e3 Bg7 5. Nb5 Na6 6. Be2 O-O 7. h4 c6 8. Nc3 c5
9. h5 Qb6 10. Rb1 cxd4 11. exd4 Nb4 12. a3 Qxd4 13. Bd2 Nc6 14. Nf3 Qb6 15. Be3
d4 16. Bxd4 Nxd4 17. Qxd4 Qxd4 18. Nxd4 Nxh5 19. Ndb5 Nf4 20. Bf3 Bf5 21. Rc1 a6
22. Nc7 Bxc3+ 23. bxc3 Rac8 24. Nd5 Nxd5 25. Bxd5 Rxc3 26. Bxb7 a5 27. O-O Rb8
28. Bd5 e6 29. Bb3 Rbc8 30. Rfe1 Kg7 31. g3 h5 32. Rcd1 Bxc2 33. Bxc2 Rxc2 34.
Rd7 Rc1 0-1

[Event "Chess24 Banter QualA 2020"]
[Site "chess24.com INT"]
[Date "2020.09.05"]
[Round "3.3"]
[White "Shankland, Sam"]
[Black "Nihal, Sarin"]
[Result "1/2-1/2"]
[WhiteTitle "GM"]
[BlackTitle "GM"]
[WhiteElo "2691"]
[BlackElo "2620"]
[WhiteFideId "2004887"]
[BlackFideId "25092340"]
[EventDate "2020.09.01"]

1. c4 c5 2. Nf3 Nc6 3. Nc3 Nf6 4. g3 d5 5. d4 cxd4 6. Nxd4 dxc4 7. Nxc6 Qxd1+ 8.
Nxd1 bxc6 9. Bd2 Rb8 10. Rc1 Be6 11. Bg2 Bd5 12. O-O e6 13. Bc3 Be7 14. Be5 Rb7
15. Ne3 O-O 16. Nxc4 Nd7 17. Bd4 c5 18. Be3 Nb6 19. Na5 Rc7 20. b3 Rfc8 21. Bf4
Rd7 22. Rfd1 h6 23. h4 Kf8 24. Nc4 f6 25. Bh3 Kf7 26. Be3 g5 27. hxg5 hxg5 28.
Bg2 Rcd8 29. Na5 Rc8 30. Rd2 Rdc7 31. Rdc2 Bxg2 32. Kxg2 Nd5 33. Bd2 Nb6 34. e4
Rd7 35. Be3 Rdc7 36. Kf1 Bd6 37. Ke2 Ke7 38. Nc4 Rc6 39. e5 Nxc4 40. exf6+ Kxf6
41. Rxc4 a5 42. Rg4 Rg8 43. Ra4 Ra8 44. Kf3 Kf5 45. Rac4 Rac8 46. Ke2 Be7 47.
g4+ Kf6 48. f3 Rh8 49. Bd4+ e5 50. Bxc5 Bxc5 51. Rxc5 Rh2+ 52. Ke3 Rxc5 53. Rxc5
Rxa2 54. Rc6+ Kf7 55. Ke4 a4 56. bxa4 Rxa4+ 57. Kxe5 Rf4 58. Rc3 Kg6 59. Rc6+
Kg7 60. Rc3 1/2-1/2

[Event "Chess24 Banter QualA 2020"]
[Site "chess24.com INT"]
[Date "2020.09.05"]
[Round "3.4"]
[White "Nihal, Sarin"]
[Black "Shankland, Sam"]
[Result "1/2-1/2"]
[WhiteTitle "GM"]
[BlackTitle "GM"]
[WhiteElo "2620"]
[BlackElo "2691"]
[WhiteFideId "25092340"]
[BlackFideId "2004887"]
[EventDate "2020.09.01"]

1. Nf3 d5 2. b3 Bf5 3. Bb2 e6 4. g3 Nf6 5. Bg2 h6 6. O-O Be7 7. d3 O-O 8. Nbd2
Bh7 9. c4 c6 10. a3 a5 11. Qc2 Nbd7 12. Bc3 c5 13. cxd5 exd5 14. a4 Re8 15. Rfe1
Rc8 16. Rad1 Nb8 17. Bh3 Rc6 18. e4 Na6 19. Ne5 Rd6 20. Nxf7 Kxf7 21. e5 Rc6 22.
exf6 Bxf6 23. Nf3 Nb4 24. Bxb4 axb4 25. Rxe8 Qxe8 26. Re1 Qb8 27. Bd7 Rc7 28.
Be6+ Kf8 29. Bxd5 Qd8 30. Bc4 Re7 31. Rxe7 Qxe7 32. Qd2 g5 33. Qd1 Kg7 34. Nd2
Bd4 35. Qf3 Bg6 36. Ne4 b6 37. Kg2 h5 38. h3 Qe5 39. Nd2 Qe7 40. Ne4 Qe5 41. Nd2
Qe7 42. Nf1 Qf6 43. Ne3 Qe5 44. Nd5 Qd6 45. Ne3 Qd7 46. Nd5 Qd6 47. Qe2 Bf7 48.
Ne7 Kf6 49. Qf3+ Kxe7 50. Qxf7+ Kd8 51. Qxh5 Qf6 52. Qf3 Qxf3+ 53. Kxf3 Ke7 54.
h4 gxh4 55. gxh4 Kf6 56. Kg3 Kf5 57. Kf3 Bf6 58. h5 Bg5 59. Kg3 Ke5 60. Kg4 Bh6
61. Kf3 Bg5 62. Ke2 Bh6 63. Bg8 Bg5 64. Kf3 Bh6 65. Bc4 Bg5 66. Kg4 Bh6 67. d4+
cxd4 68. Kf3 Bg5 69. Ke2 Ke4 70. f3+ Kf4 71. Bd5 Ke5 72. Ba8 Be3 73. Kd3 Kf6 74.
Be4 Kg5 75. Kc4 Kxh5 76. Kxb4 Kg5 77. Kb5 Kf4 78. Bd3 Kxf3 79. Kxb6 Bf2 80. a5
Ke3 81. a6 Kxd3 82. a7 Ke2 83. a8=Q d3+ 84. Kb5 d2 85. Qe4+ Be3 86. Qg4+ Ke1 87.
Qf3 Bf2 88. Qe4+ Kf1 89. Qd3+ Ke1 90. Qe4+ Kf1 91. Qh1+ Ke2 92. Qh5+ Ke1 93.
Qe5+ Kf1 94. Qf4 Ke2 95. Qg4+ Ke1 96. Qe4+ 1/2-1/2

[Event "Chess24 Banter QualA 2020"]
[Site "chess24.com INT"]
[Date "2020.09.05"]
[Round "3.5"]
[White "Shankland, Sam"]
[Black "Nihal, Sarin"]
[Result "1/2-1/2"]
[WhiteTitle "GM"]
[BlackTitle "GM"]
[WhiteElo "2691"]
[BlackElo "2620"]
[WhiteFideId "2004887"]
[BlackFideId "25092340"]
[EventDate "2020.09.01"]

1. c4 e5 2. g3 Nc6 3. Bg2 g6 4. Nc3 Bg7 5. e3 Nge7 6. Nge2 d6 7. d3 O-O 8. Rb1
a5 9. a3 Be6 10. Nd5 Qd7 11. O-O Rac8 12. b4 axb4 13. axb4 Nd8 14. Nxe7+ Qxe7
15. Nc3 c6 16. b5 f5 17. bxc6 bxc6 18. Ba3 Nf7 19. Rb6 e4 20. Ne2 Ne5 21. dxe4
Nxc4 22. exf5 Rxf5 23. Rb3 Nxa3 24. Rxa3 d5 25. Rd3 Rff8 26. Qa4 Qf6 27. h4 Kh8
28. Nf4 Bg8 29. Rc1 h6 30. Rd2 Bf7 31. Rdc2 g5 32. hxg5 hxg5 33. Rxc6 Be8 34.
Rxf6 Rxc1+ 35. Kh2 Bxa4 36. Ng6+ Kh7 37. Nxf8+ Kh8 38. Rf5 Bc2 39. Rf7 Kg8 40.
Bxd5 Bxf8 41. Rc7+ Kh8 42. Be4 Bxe4 43. Rxc1 g4 44. Rc4 Bf3 45. Kg1 Kg7 46. Kf1
Bd6 47. Ke1 Kf6 48. Kd2 Ke6 49. Kd3 Be5 50. Ra4 Bd6 51. Rc4 Kd5 52. Rd4+ Ke5 53.
Rc4 Kf5 54. Rd4 Be5 55. Rc4 Bg2 56. Ke2 Be4 57. Rc5 Ke6 58. Ra5 Bd5 59. Rxd5
Kxd5 60. f3 1/2-1/2

[Event "Chess24 Banter QualA 2020"]
[Site "chess24.com INT"]
[Date "2020.09.05"]
[Round "3.7"]
[White "Shankland, Sam"]
[Black "Nihal, Sarin"]
[Result "1-0"]
[WhiteTitle "GM"]
[BlackTitle "GM"]
[WhiteElo "2691"]
[BlackElo "2620"]
[WhiteFideId "2004887"]
[BlackFideId "25092340"]
[EventDate "2020.09.01"]

1. c4 e5 2. g3 h5 3. Nf3 Nc6 4. Nc3 Be7 5. d4 exd4 6. Nxd4 h4 7. Bg2 Bf6 8. Be3
Ne5 9. Qb3 hxg3 10. hxg3 Rxh1+ 11. Bxh1 Ng4 12. Nd5 Nxe3 13. Qxe3+ Kf8 14. O-O-O
d6 15. Nb5 Bf5 16. c5 Rc8 17. Nxf6 Qxf6 18. Bxb7 Re8 19. Qd2 Qe5 20. Qc3 Qxe2
21. Nxc7 Rb8 22. cxd6 Rxb7 23. d7 Bxd7 24. Rxd7 Nf6 25. Ne6+ fxe6 26. Qc8+ Ne8
27. Qc5+ Kg8 28. Rxb7 Nf6 29. Rb8+ Kf7 30. Rf8+ Kg6 31. Qc2+ 1-0

[Event "Chess24 Banter QualA 2020"]
[Site "chess24.com INT"]
[Date "2020.09.05"]
[Round "3.8"]
[White "Nihal, Sarin"]
[Black "Shankland, Sam"]
[Result "1/2-1/2"]
[WhiteTitle "GM"]
[BlackTitle "GM"]
[WhiteElo "2620"]
[BlackElo "2691"]
[WhiteFideId "25092340"]
[BlackFideId "2004887"]
[EventDate "2020.09.01"]

1. d4 d5 2. Bf4 c5 3. e3 Nc6 4. c3 Bf5 5. Nd2 e6 6. Ngf3 Nf6 7. Bb5 Bd6 8. Qa4
O-O 9. Bxd6 Qxd6 10. Bxc6 bxc6 11. Qa3 Nd7 12. Nb3 Rfb8 13. O-O a5 14. Nxc5 Nxc5
15. dxc5 Qc7 16. b3 e5 17. Rac1 Qe7 18. Rfe1 Bd3 19. Qb2 f6 20. Qd2 Be4 21. c4
Qxc5 22. cxd5 Qxd5 23. Qe2 Bxf3 24. gxf3 a4 25. Red1 Qf7 26. bxa4 Rxa4 27. Rd2
h6 28. h3 Rh4 29. Kh2 Qh5 30. Qf1 Qxf3 31. Qg2 Qxg2+ 32. Kxg2 Rc8 33. Rd7 Ra4
34. Rb1 Kh7 35. Rbb7 Rg8 36. Rb2 Rga8 37. Rbb7 Rg8 38. Rd6 Kg6 39. Rd2 Rga8 40.
Rdd7 Rg8 41. Rdc7 Rxa2 42. Rxc6 Raa8 43. Rb5 Rac8 44. Rcb6 Kh7 45. Ra5 Rc7 46.
h4 h5 47. Kf3 Rgc8 48. Kg3 Rc4 49. f3 Rc1 50. Ra7 R8c2 51. Rxf6 Rg1+ 52. Kh3
Rh1+ 53. Kg3 Rg1+ 54. Kh3 Rh1+ 55. Kg3 Rg1+ 1/2-1/2